Responses for show #4304 - Thursday, April 24, 2003

Contestants

Mikalen Howe, a law student from Boston, Massachusetts

Chris Espe, a writer & television extra from Hollywood, California

Matt Caruso, a director of market research from Los Angeles, California (whose 2-day cash winnings total $30,600)

Jeopardy! Round responses

SCIENCE
HOLIDAYS & OBSERVANCES
BEATLES HITS IN OTHER WORDS
REALLY GRIMM FAIRY TALES
BRIDGES
THE QUESTION IS...
    $200 1
turtle/tortoise

Matt
    $200 21
(Mikalen: What is Halloween?)
...
(Alex: Halloween is not a date.)

October 31

MattMikalen
    $200 7
"Penny Lane"

Mikalen
    $200 16
Gretel

Chris
    $200 6
Suez Canal

Chris
    $200 26
(When) Does it hurt?

Mikalen
    $400 2
lobotomy

Matt
    $400 22
Veterans Day

Matt
    $400 8
"Twist and Shout"

Mikalen
    $400 17
"Cinderella"

Chris
    $400 12
(Chris: What is China?)
(Matt: What is North Korea?)
(Mikalen: What is Vietnam?)

Cambodia (Kampuchea)

MattChrisMikalen
Triple Stumper
    $400 27
(Chris: What is "Is there a God?")

Is there a Santa Claus?

MattChris
    $600 3
vulcanization

Matt
    $600 23
Kwanzaa

Matt
    $600 9
"Ticket to Ride"

Chris
    $600 18
"The better to eat you, my dear!"

Matt
    $600 13
Denmark

Chris
    $600 28
How's the weather up there?

Chris
    $800 4
Nicholas Copernicus

Chris
    $800 24
Ramadan

Chris
    $800 10
"A Hard Day's Night"

Matt
    $800 19
Rapunzel

Matt
    $1,800 14
Danube

Chris
    $800 29
Why can't I?

Matt
    $1000 5
ionization

Matt
    $1000 25
Yom Kippur

Matt
    $1000 11
(Mikalen: What is "Lady Godiva?")

"Lady Madonna"

Mikalen
Triple Stumper
    $1000 20
griffin

Matt
    $1000 15
(Chris: What is China?)

Japan

MattChris
    $1000 30
(Alex: And Jesus said, "You can't handle the tru...", no!)

What is truth?

Triple Stumper

Scores at the first commercial break (after clue 15):

Matt Chris Mikalen
$3,600 $2,600 -$800

Scores at the end of the Jeopardy! Round:

Matt Chris Mikalen
$9,400 $4,200 -$800

Double Jeopardy! Round responses

ASIA
COFFEE DRINKS
THAT '70s NEWS
FAMOUS FILMS
MENTAL HOSPITALS
AD-JECTIVES
    $400 16
Krakatoa

Chris
    $400 17
(Mikalen: What is Bailey's Irish Cream?)

whiskey

MattMikalen
    $400 1
QE2

Chris
    $400 6
Snow White and the Seven Dwarfs

Matt
    $400 27
Sigmund Freud

Matt
    $400 11
new and improved

Mikalen
    $800 18
Russia

Matt
    $800 22
chocolate

Matt
    $800 2
(Chris: Who is John McEnroe?)

Bjorn Borg

ChrisMikalen
    $800 7
(Mikalen: What is "Holiday Inn?")

White Christmas

ChrisMikalen
    $800 28
Quakers (Society of Friends)

Mikalen
    $800 12
"The Ultimate Driving Machine"

Matt
    $1200 19
the Silk Road

Matt
    $1200 23
Cappuccino

Triple Stumper
    $1200 3
Israel & Syria

Matt
    $1200 8
Wall Street

Mikalen
    $1,500 29
(Mikalen: What is Hell?)
[The end-of-round signal sounds.]

Bedlam

Mikalen
    $1200 13
spine

Matt
    $10,000 20
Macao

Matt
    $1600 24
(Mikalen: What is Tia Maria?)

Kahlua

Mikalen
Triple Stumper
    $1600 4
Ling-Ling or Hsing-Hsing

Matt
    $1600 9
Sense and Sensibility

Matt
    $1600 14
hearty

Matt
    $2000 21
(Matt: What is the Euphrates Valley?)

Bekaa Valley

Matt
Triple Stumper
    $2000 25
(Alex: Less than a minute to go now.)

macchiato

Chris
    $2000 5
(Matt: What is Voyager?)

Viking

Matt
Triple Stumper
    $2000 10
To Kill a Mockingbird

Matt
    $2000 26
Menninger

Mikalen
    $2000 15
succulent

Matt

Scores at the end of the Double Jeopardy! Round:

Matt Chris Mikalen
$31,400 $7,000 $100
(lock game)

[wagering suggestions for these scores]

Final Jeopardy! Round responses

POLITICAL JARGON
MikalenWhat are Spin Doctors
$100
ChrisWhat is spin doctor?
$0
MattWhat are Spin Doctors
$17,399
spin doctors

Final scores:

Matt Chris Mikalen
$48,799 $7,000 $200
3-day champion: $79,399 2nd place: $2,000 3rd place: $1,000

Game dynamics:

Coryat scores:

Matt Chris Mikalen
$23,000 $6,000 $1,600
30 R
(including 1 DD),
3 W
13 R
(including 1 DD),
4 W
8 R,
7 W
(including 1 DD)

Combined Coryat: $30,600

The J! Archive is created by fans, for fans. The Jeopardy! game show and all elements thereof, including but not limited to copyright and trademark thereto, are the property of Jeopardy Productions, Inc. and are protected under law. This website is not affiliated with, sponsored by, or operated by Jeopardy Productions, Inc. Join the discussion at JBoard.tv.